• 首页
  • 本馆介绍
  • 公告通知
  • 最新文献
  • 馆藏检索
  • 电子资源
  • 读者导购
  • 参考咨询
  • 我的图书馆
  • 登录
  • 详细信息显示
  • 放入我的书架
  • 预约/预借图书
  • 作者相关作品
  • 分类相关作品
  • 丛书相关作品
  • 出版社相关作品

书目信息

  • 表格格式
  • 工作单格式
  • 卡片格式
题名:
刑事侦查情报学习题集
    
 
作者: 于凤玲 编著
分册:  
出版信息: 北京   警官教育出版社  1999.07
页数: 289页
开本: 20cm
丛书名:
单 册:
中图分类: D918-44 , G35-44
科图分类: 35.1771055
主题词: 刑事侦察-情报学--高等教育--习题 , 情报学-刑事侦察--高等教育--习题
电子资源:
ISBN: 7-81062-180-7
000 00836nam0 2200277 45
001 0199070808
005 20070530092907.39
010    @a7-81062-180-7@dCNY16.00
100    @a19991202d1999 em y0chiy0121 ea
101 0  @achi
102    @aCN@b110000
105    @ay q 000yy
200 1  @a刑事侦查情报学习题集@AXing Shi Zhen Cha Qing Bao Xue Xi Ti Ji@f于凤玲编著@FYu Feng Ling Bian Zhu
210    @a北京@c警官教育出版社@d1999.07
215    @a289页@d20cm
300    @a人民警察高等教育规划教材参考书
300    @a公安机关 内部发行
606    @a刑事侦察-情报学@x高等教育@x习题
606    @a情报学-刑事侦察@x高等教育@x习题
690    @aD918-44@v4
690    @aG35-44@v3
692    @a35.1771055@v2
701  0 @a于凤玲@AYu Feng Ling@4编著
801  0 @aCN@bNLC@c20070530
905    @aBZT@dD918-44@e1
906    @dCNY16.00@n0@r1
    
    刑事侦查情报学习题集/于凤玲编著.-北京:警官教育出版社,1999.07
    289页;20cm
    人民警察高等教育规划教材参考书.-公安机关 内部发行
    
    ISBN 7-81062-180-7:CNY16.00
    
●
相关链接 在五车中查询图书 在当当中查询图书 在豆瓣中查询图书


正题名:刑事侦查情报学习题集     索取号:D918-44/1         预约/预借

序号 登录号 条形码 馆藏地/架位号 状态 备注
1 531464   230138942   中心书库南/012架B面5层1列/ [索取号:D918-44/1] 在馆    
2 531465   230138941   中心书库南/012架B面5层1列/ [索取号:D918-44/1] 在馆    
3 531466   230138940   中心书库南/012架B面5层1列/ [索取号:D918-44/1] 在馆    
4 531467   230138939   中心书库南/012架B面5层1列/ [索取号:D918-44/1] 在馆    
5 531468   230138938   中心书库南/012架B面5层1列/ [索取号:D918-44/1] 在馆    
6 531469   230138937   中心书库南/012架B面5层1列/ [索取号:D918-44/1] 在馆    
7 531470   230138936   中心书库南/012架B面5层1列/ [索取号:D918-44/1] 在馆    
8 531471   230138935   中心书库南/012架B面5层1列/ [索取号:D918-44/1] 在馆    
9 531472   230138934   中心书库南/012架B面5层1列/ [索取号:D918-44/1] 在馆    
10 531473   230138933   中心书库南/012架B面5层1列/ [索取号:D918-44/1] 在馆    
山东省滨州职业学院图书馆 欢迎您!
大连网信软件有限公司© 版权所有